| 000 | 00000nam##2200000za#4500 |
| 001 | 9.617092 |
| 003 | CaOODSP |
| 005 | 20210615101948 |
| 007 | ta |
| 008 | 150406|2004||||xxc||||| f|0| 0 eng|d |
| 040 | |aCaOODSP|beng |
| 043 | |an-cn--- |
| 086 | 1 |aNH18-22/104-122E |
| 110 | 2 |aCanada Mortgage and Housing Corporation. |
| 245 | 10|aComparison and analysis of provincial builder and renovator industry programs |
| 260 | |bCanada Mortgage and Housing Corporation |c2004. |
| 300 | |a5p. : |btable ; |c28 cm. |
| 490 | 1 |aResearch highlight. Technical series |v04-122 |
| 520 | 3 |aThese technical papers summarize a wide range of housing-related studies, reports, and manuals. They examine issues as diverse as low-maintenance northern landscaping; policy options for achieving healthy indoor air quality; and various aspects of building performance, including high-rise building envelope performance, performance of various building materials, and evaluations of district heating systems. |
| 563 | |aPamphlet |
| 590 | |a04-41|b2004-10-08 |
| 775 | 08|tComparaison et analyse des programmes provinciaux de formation de l'industrie de la construction et de la rénovation |w(CaOODSP)9.626717 |
| 776 | 0#|tComparison and analysis of provincial builder and renovator industry programs |w(CaOODSP)9.581174 |
| 830 | #0|aResearch highlight. Technical series ;|v04-122|w(CaOODSP)9.514826 |